Música y músicos argentinos

Guardat en:
Dades bibliogràfiques
Autor principal: Schiuma, Oreste (Autor)
Format: Llibre
Idioma:espanyol
Publicat: Buenos Aires Juan de Vincenzo 1943
Edició:2a. ed
Matèries:
Etiquetes: Afegir etiqueta
Sense etiquetes, Sigues el primer a etiquetar aquest registre!

MARC

LEADER 00000nam a2200000 a 4500
001 UCN2967
003 CL-VaPUC
008 010615e19430000AG |||||||||||||||||spa|d
082 0 4 |a 780.982  |b SCH  |2 21 
100 0 |a Schiuma, Oreste  |e author  |9 459309 
245 1 0 |a Música y músicos argentinos 
250 |a 2a. ed 
300 |a 237 p 
942 |c BK 
945 |d 20010615 00:00:00  |a crobeson 
260 |a Buenos Aires  |b Juan de Vincenzo  |c 1943 
650 7 |a MUSICA ARGENTINA  |2 CL-VaPUC  |9 459310 
650 0 |a Músicos argentinos  |9 456632 
650 0 |a Compositores argentinos  |9 456649 
583 |a last modification  |c 20010615 00:00:00  |k Rodrigo Vera 
999 |c 295982  |d 295980 
952 |0 0  |1 0  |4 0  |6 780_982000000000000_SCH_1943  |7 0  |8 A  |9 349446  |a BIBEDU  |b BIBEDU  |d 2019-11-20  |i 1186809  |o 780.982 SCH 1943  |p 1186809  |r 2023-01-12  |w 2019-11-20  |y BK  |k MUS